Balt : průvodce po polském pobřeží pro velké i malé /

Uloženo v:
Hlavní autor: Wilkanowski, Jan (Autor)
Další autoři: Krzanowska-Wrzecion, Aleksandra (Autor), Veselka, Martin, 1987- (Ilustrátor)
Médium: Kniha
Jazyk:Czech
Vydáno: [Praha] : WildCat Studio, 2026
Vydání:První vydání
Témata:
Celkem bylo vypůjčeno:0x
Tagy:
Žádné tagy
LEADER 02116cam a2200529 i 4500
001 106726
003 CZ PrNK
005 20260703105146.0
008 260623s2026 xr ||| | cze
015 |a cnb003751164 
020 |a 9788090977037  |q (vázáno) :  |c Kč 399,00 
040 |a TUG001  |b cze  |d ULG001  |e rda 
041 1 |a cze  |h pol 
072 7 |a 913(4)  |x Geografie Evropy, reálie, cestování  |2 Konspekt  |9 7 
072 7 |a 0/9-053.2  |x Literatura pro děti a mládež (naučná)  |2 Konspekt  |9 26 
080 |a 551.4.038  |2 MRF 
080 |a 913:338.483.1  |2 MRF 
080 |a (4-17)  |2 MRF 
080 |a (438)  |2 MRF 
080 |a 0/9  |2 MRF 
080 |a (0.062)  |2 MRF 
080 |a (036)  |2 MRF 
080 |a (0.053.2)  |2 MRF 
100 1 |a Wilkanowski, Jan  |4 aut 
240 1 0 |a Bałtyk.  |l Česky 
245 1 0 |a Balt :  |b průvodce po polském pobřeží pro velké i malé /  |c Jan Wilkanowski ; ilustrovala Ola Krzanowska ; z polského originálu přeložil Martin Veselka 
250 |a První vydání 
264 1 |a [Praha] :  |b WildCat Studio,  |c 2026 
300 |a 82 stran :  |b barevné ilustrace ;  |c 30 cm 
336 |a text  |b txt  |2 rdacontent 
336 |a statický obraz  |b sti  |2 rdacontent 
337 |a bez média  |b n  |2 rdamedia 
338 |a svazek  |b nc  |2 rdacarrier 
650 0 7 |a pobřeží  |7 ph124150  |z Polsko  |2 czenas 
650 0 7 |a turistické zajímavosti  |7 ph126800  |z Polsko  |2 czenas 
650 0 7 |a všeobecné znalosti  |7 ph127322  |z Polsko  |2 czenas 
651 7 |a Baltské moře (oblast)  |7 ge205709  |x reálie  |2 czenas 
655 7 |a populárně-naučné publikace  |7 fd131864  |2 czenas  |9 102 
655 7 |a průvodce  |7 fd133154  |2 czenas  |9 141 
655 7 |a publikace pro děti  |7 fd133156  |2 czenas  |9 23 
700 1 |a Krzanowska-Wrzecion, Aleksandra  |7 xx0305549  |4 ill  |9 117566 
700 1 |a Veselka, Martin,  |d 1987-  |7 xx0164689  |4 trl  |9 109836 
710 2 |a WildCat Pictures in Motion (firma)  |7 ko20261289758  |4 pbl  |9 117567 
910 |a UOG502 
942 |2 ddc  |c KN 
999 |d 106726 
993 |0 0  |1 421180107456  |2 ddc  |4 0  |6 91_000000000000000  |7 0  |9 100241  |b 0  |c 107456  |d 2026-07-03  |e 0  |f M  |g 91  |h 399.00  |i Koupě  |l M  |r 2026-07-03  |t 7  |w 2026-07-03  |y KN  |z NAUCNA  |n